30 biggest cities and towns in Rhode Island - Statistics

General Stats
  • This quiz has been taken 48 times
  • The average score is 12 of 30
Answer Stats
Population City % Correct
190,934 Providence
97%
25,163 Newport
82%
82,823 Warwick
77%
82,934 Cranston
74%
75,604 Pawtucket
74%
47,139 East Providence
69%
43,240 Woonsocket
67%
34,114 North Providence
54%
22,583 Central Falls
44%
22,493 Bristol
41%
14,532 Narragansett
41%
27,732 North Kingstown
41%
31,931 South Kingstown
41%
31,012 West Warwick
41%
23,359 Westerly
36%
14,312 East Greenwich
33%
22,118 Smithfield
31%
16,359 Tiverton
31%
12,588 North Smithfield
28%
17,153 Barrington
26%
36,405 Cumberland
26%
29,568 Johnston
26%
10,384 Scituate
26%
35,688 Coventry
23%
17,075 Middletown
23%
16,158 Burrillville
21%
22,529 Lincoln
21%
17,871 Portsmouth
21%
9,974 Glocester
18%
11,147 Warren
15%
No matching quizzes found
Score Distribution
Percent of People with Each Score
Percentile by Number Answered
Your Score History
You have not taken this quiz